| 000 | 00752cab a2200241 4500 | ||
|---|---|---|---|
| 001 | ABS59331 | ||
| 008 | 090401t1998 xxu||||| |||| 00| 0 eng d | ||
| 035 | _a(Sirsi) u88796 | ||
| 041 | _aeng | ||
| 100 | _aNayar, S, | ||
| 245 | 4 | _aThe Indian real estate market | |
| 260 | _c1998 | ||
| 350 | _a0 | ||
| 490 |
_aReal Estate Review _v28(1) Spring 1998, 44-52(9) |
||
| 520 | _aEvaluates the investment opportunities in India despite the complex maze of regulations. Looks at the political organisation, taxation, property market and the economy of India. | ||
| 650 | _aECONOMY | ||
| 650 | _aINDIA | ||
| 650 | _aPOLITICS | ||
| 650 | _aPROPERTY INVESTMENT MARKET | ||
| 690 | _aOVERSEAS-REST OF THE WORLD | ||
| 942 | _n0 | ||
| 948 | _c02/10/1998 | ||
| 999 |
_c56145 _d56145 |
||